LEADER 05112 am 22008293u 450 001 996328041503316 005 20200901122727.0 024 7 $a10.1525/9780520962590 035 $a(CKB)3710000000590554 035 $a(DE-B1597)539728 035 $a(OCoLC)945783630 035 $a(DE-B1597)9780520962590 035 $a(EXLCZ)993710000000590554 100 $a20200124d2015 fg | 101 0 $aeng 135 $aurmn#---||||| 181 $ctxt$2rdacontent 182 $cc$2rdamedia 183 $acr$2rdacarrier 200 14$aThe Art of Fugue $eBach Fugues for Keyboard, 1715-1750 /$fJoseph Kerman 210 1$aBerkeley, CA :$cUniversity of California Press,$d[2015] 210 4$d©2015 215 $a1 online resource (xxv, 165 pages) $cmusic; digital, PDF file(s) 225 1 $aLuminos 311 08$aPrint version: 9780520243583 320 $aIncludes bibliographical references and index. 327 $tFrontmatter --$tContents --$tList of Recordings and Scores --$tPreface --$tAcknowledgments --$t1. Fugue in C Major: The Well-Tempered Clavier, book 1 --$t2. Fugue in C Minor: The Well-Tempered Clavier, book 1 --$t3. Fughetta in C Major, BWV 952 --$t4. Fugue in C-sharp Minor: The Well-Tempered Clavier, book 1 --$t5. Contrapunctus 1: The Art of Fugue --$t6. Contrapunctus 10: The Art of Fugue --$t7. Chromatic Fantasy and Fugue, BWV 903 --$t8. Prelude and Fugue in E-flat Major: The Well-Tempered Clavier, book 1 --$t9. Fugue in E Major: The Well-Tempered Clavier, book 2 --$t10. Fugue on "Jesus Christus unser Heiland": Clavierübung, book 3 --$t11. Fugue in F-sharp Minor: The Well-Tempered Clavier, book 1 --$t12. Gigue: English Suite no. 3 in G Minor --$t13. Fugue in A-flat Major: The Well-Tempered Clavier, book 1 --$t14. Fugue in A Minor: Fantasy and Fugue in A Minor, BWV 904 --$t15. Fugue in B-flat Major: The Well-Tempered Clavier, book 2 --$t16. Fugue in B Major: The Well-Tempered Clavier, book 2 --$tAfterword --$tNotes --$tNotes to the Recordings --$tGlossary --$tBibliography --$tIndex 330 $aA free ebook version of this title is available through Luminos, University of California Press's new open access publishing program for monographs. Visit www.luminosoa.org to learn more. Fugue for J. S. Bach was a natural language; he wrote fugues in organ toccatas and voluntaries, in masses and motets, in orchestral and chamber music, and even in his sonatas for violin solo. The more intimate fugues he wrote for keyboard are among the greatest, most influential, and best-loved works in all of Western music. They have long been the foundation of the keyboard repertory, played by beginning students and world-famous virtuosi alike. In a series of elegantly written essays, eminent musicologist Joseph Kerman discusses his favorite Bach keyboard fugues-some of them among the best-known fugues and others much less familiar. Kerman skillfully, at times playfully, reveals the inner workings of these pieces, linking the form of the fugues with their many different characters and expressive qualities, and illuminating what makes them particularly beautiful, powerful, and moving. These witty, insightful pieces, addressed to musical amateurs as well as to specialists and students, are beautifully augmented by performances made specially for this volume: Karen Rosenak, piano, playing two preludes and fugues fromTheWell-Tempered Clavier-C Major, book 1; and B Major, book 2--and Davitt Moroney playing the Fughetta in C Major, BWV 952, on clavichord; the Fugue on ";Jesus Christus unser Heiland,"; BWV 689, on organ; and the Fantasy and Fugue in A Minor, BWV 904, on harpsichord. 410 0$aLuminos (University of California Press) 606 $aFugue 606 $aMUSIC / Genres & Styles / Classical$2bisacsh 606 $aFugue$2fast$3(OCoLC)fst00935955 608 $bElectronic books. 610 $a18th century fugues. 610 $a18th century music. 610 $abach. 610 $aclassical music. 610 $aclavichord music. 610 $afugue in c major. 610 $afugue in c minor. 610 $afugues. 610 $aharpsichord music. 610 $ahistory of music. 610 $aintimate fugues. 610 $akeyboard composition. 610 $akeyboard music. 610 $amusic appreciation. 610 $amusic composition. 610 $amusic theory. 610 $amusical analysis. 610 $amusical commentary. 610 $amusical scores. 610 $amusicology. 610 $aorgan music. 610 $aorgan toccatas. 610 $apiano keyboard. 610 $astudies in classical music. 610 $atechnical music analysis. 610 $athe well tempered clavier. 615 0$aFugue. 615 7$aMUSIC / Genres & Styles / Classical. 615 7$aFugue. 676 $a786 686 $aLP 38250$2rvk 700 $aKerman$b Joseph$f1924-2014,$0481940 801 0$bDE-B1597 801 1$bDE-B1597 801 2$bUkMaJRU 906 $aBOOK 912 $a996328041503316 996 $aThe Art of Fugue$92155605 997 $aUNISA LEADER 01827oam 2200469M 450 001 9910716174803321 005 20200213070910.3 035 $a(CKB)5470000002518365 035 $a(OCoLC)1065600142 035 $a(OCoLC)995470000002518365 035 $a(EXLCZ)995470000002518365 100 $a20071213d1926 ua 0 101 0 $aeng 135 $aurcn||||||||| 181 $ctxt$2rdacontent 182 $cc$2rdamedia 183 $acr$2rdacarrier 200 10$aRefunding of certain legacy taxes. May 7, 1926. -- Committed to the Committee of the Whole House on the State of the Union and ordered to be printed 210 1$a[Washington, D.C.] :$c[U.S. Government Printing Office],$d1926. 215 $a1 online resource (4 pages) 225 1 $aHouse report / 69th Congress, 1st session. House ;$vno. 1114 225 1 $a[United States congressional serial set] ;$v[serial no. 8534] 300 $aBatch processed record: Metadata reviewed, not verified. Some fields updated by batch processes. 300 $aFDLP item number not assigned. 606 $aInheritance and transfer tax 606 $aLegislative amendments 606 $aTax refunds 606 $aAppellate courts$xRules and practice 608 $aLegislative materials.$2lcgft 615 0$aInheritance and transfer tax. 615 0$aLegislative amendments. 615 0$aTax refunds. 615 0$aAppellate courts$xRules and practice. 701 $aGraham$b George Scott$f1850-1931.$pRepublican (PA)$01386798 801 0$bWYU 801 1$bWYU 801 2$bOCLCO 801 2$bOCLCQ 906 $aBOOK 912 $a9910716174803321 996 $aRefunding of certain legacy taxes. May 7, 1926. -- Committed to the Committee of the Whole House on the State of the Union and ordered to be printed$93475924 997 $aUNINA LEADER 05631nam 2200409 450 001 996337210203316 005 20240213133118.0 010 $a88-15-10131-4 010 $a88-15-14185-5 035 $a(CKB)2470000000005317 035 $a(NjHacI)992470000000005317 035 $a(EXLCZ)992470000000005317 100 $a20240213d2009 uy 0 101 0 $aita 135 $aur||||||||||| 181 $ctxt$2rdacontent 182 $cc$2rdamedia 183 $acr$2rdacarrier 200 03$aLe citta? filosofiche $ePer una geografia della cultura filosofica italiana del Novecento /$fedited by Pietro Rossi, Carlo Augusto Viano 210 1$aBologna :$cSocieta? editrice il Mulino,$d2009. 215 $a1 online resource (392 pages) 320 $aIncludes bibliographical references.cINDICE -- Pietro Rossi - Carlo Augusto Viano -- Introduzione -- Avvertenza -- Carlo Augusto Viano -- La filosofia a Torino -- 1. La rottura di un clima -- 2. La scoperta dell'esistenzialismo -- 3. Tra esistenzialismo e marxismo -- 4. Una filosofia indipendente -- 5. Il neoilluminismo -- 6. Tra filosofia cattolica e marxismo -- 7. Leggende e immagini -- Massimo Ferrari -- La filosofia all'Universita? Statale e la cultura milanese -- 1. L'eredita? di Martinetti -- 2. Antonio Banfi e la sua scuola -- 3. Tra guerra e dopoguerra -- 4. Gli anni '50 -- 5. Fenomenologia, marxismo, scienze umane -- 6. Continuita? e discontinuita? di una tradizione -- Mario Sina -- La Facolta? filosofica dell'Universita? Cattolica -- 1. La fondazione dell'Universita? Cattolica -- 2. Il programma culturale della nuova facolta? -- 3. L'opposizione all'idealismo -- 4. In nome dell'ortodossia -- 5. La seconda generazione: forme di dialogo -- Enrico Berti -- La filosofia a Padova -- 1. La fine del positivismo -- 2. La cosiddetta egemonia cattolica -- 3. La rinascita dello studio di Aristotele -- 4. Il pluralismo tra contestazione, guerriglia e dibattito -- Mirella Pasini - Daniele Rolando -- La filosofia a Genova -- 1. Crisi del positivismo e dintorni -- 2. Da un fascismo antemarcia a un antifascismo intimistico: Giuseppe Rensi -- 3. Il ritorno di un esteta: Adelchi Baratono -- 4. Un cattolicesimo militante: Michele Federico Sciacca -- 5. Comprimari e vicini di casa -- 6. Verso la normalizzazione -- Giuseppe Ferrandi -- La filosofia a Bologna -- 1. Federigo Enriques e Rodolfo Mondolfo -- 2. La svolta degli anni '30 -- 3. L'insegnamento di Felice Battaglia -- 4. Pluralismo e nuovi orientamenti di ricerca -- 5. La filosofia tra impegno civile e imprese editoriali -- Michele Ciliberto -- La filosofia tra Pisa e Firenze -- 1. La polarita? Pisa-Firenze -- 2. Pisa prima e dopo la guerra -- 3. Kantismo e tradizione storico-filologica -- 4. La filosofia come «sapere storico» -- 5. L'isolamento di Preti -- 6. Tra Kant e Hegel: l'itinerario di Luporini -- 7. La «funzione» Cantimori -- 8. Il tramonto delle differenze -- Paolo Casini -- La filosofia a Roma -- 1. Gentile e l'ambiente filosofico romano -- 2. Gentile: dall'egemonia al declino -- 3. Una difficile eredita? -- 4. Il crepuscolo dello storicismo: Guido De Ruggiero e Carlo Antoni -- 5. Ugo Spirito: un periplo dell'attualismo -- 6. Guido Calogero: dal logo al dialogo -- 7. Filosofi controcorrente -- 8. Testi, contesti, commenti -- 9. Dall'idealismo al marxismo -- 10. I nuovi indirizzi di ricerca -- Giuseppe Cantillo -- La cultura filosofica a Napoli -- 1. L'«egemonia» crociana: l'«ultimo Croce» -- 2. Lo «storicismo etico» di Adolfo Omodeo e l'etnologia di Ernesto De Martino -- 3. L'Istituto Italiano per gli Studi storici -- 4. Il magistero di Antonio Aliotta -- 5. La scuola di Aliotta -- 6. Il ripiegamento del dopoguerra -- 7. Le spinte al rinnovamento -- 8. Da Pietro Piovani a Fulvio Tessitore -- 9. Altre «voci» filosofiche -- 10. Il «Suor Orsola Benincasa» e l'Istituto Orientale -- 11. La «disarticolazione della capitale» -- 12. Napoli, un contenitore filosofico -- Indice dei nomi. 330 $aDisegnare un panorama geografico della filosofia italiana del Novecento e? un modo relativamente nuovo per raccontarne la storia, collocandola nei centri di cultura nei quali essa si e? sviluppata. Il volume prende in considerazione citta? che sono anche importanti centri universitari, come Torino, Milano, Padova, Genova, Bologna, Pisa, Firenze, Roma, Napoli. Il lettore incontrera? nomi noti e meno noti tra coloro che hanno "fatto" la storia della filosofia italiana: da Nicola Abbagnano, Norberto Bobbio, Augusto Guzzo, Luigi Pareyson a Antonio Banfi, Enzo Paci, Giulio Preti, Ludovico Geymonat, da Guido Calogero, Eugenio Garin, Cesare Luporini a Ugo Spirito e Pietro Piovani. Ma piu? che ai filosofi e ai loro itinerari di pensiero, l'attenzione e? rivolta al diverso "clima" delle citta? in cui essi si sono formati e hanno insegnato, alle relazioni tra pensiero filosofico e ambiente intellettuale. Non i personaggi quindi, ma le citta? (e le universita?), inserite in un piu? ampio contesto nazionale, sono le vere protagoniste dei saggi raccolti in questo libro. 517 $acittà filosofiche 517 $aLe città filosofiche: Per una geografia della cultura filosofica italiana del Novecento 517 $aLe città filosofiche. Per una geografia della cultura filosofica italiana del Novecento 606 $aPantheism$xHistory 615 0$aPantheism$xHistory. 676 $a147 702 $aRossi$b Pietro 702 $aViano$b Carlo Augusto 801 0$bNjHacI 801 1$bNjHacl 906 $aBOOK 912 $a996337210203316 996 $aLe citta? filosofiche$93911542 997 $aUNISA